Derecho urbans̕tico estatal

Detalles Bibliográficos
Autor principal: Ortega Garca̕, ℓngel
Formato: Desconocido
Lenguaje:español
Publicado: Madrid: Montecorvo, 1998
Materias:
Acceso en línea:Acceso restringido

MARC

LEADER 00000ny a22000003n 4500
005 2011062304094.0
008 080508t1999 sp s 000 0 spa c
020 |a 9788471113634 
035 |a 584 
040 |a UMA.DER  |d vlex 
080 |a 349.44:711(460)(0.034) 
090 |c 1189  |d 1189 
100 |a Ortega Garca̕, ℓngel 
245 1 0 |a Derecho urbans̕tico estatal  |h [Recurso electrn̤ico]  |c Angel Ortega Garca̕ 
256 |a Servicio en ln̕ea 
260 |a Madrid:  |b Montecorvo,  |c 1998 
506 1 |a Contenido solo disponible en los productos indicados  |d vLex Global  |d vLex Global (Academic Edition, excluding Law Schools)  |d vLex Global (U.S. Academic Edition, Law Schools)  |d vLex Global (U.S. Academic Edition, excluding Law Schools)  |d vLex Global (Academic Edition, Law Schools) 
650 0 7 |a Urbanizaciones  |2 Tesauro vLex 
650 0 7 |a Inmobiliario y registral  |2 Tesauro vLex 
650 0 7 |a Administrativo  |2 Tesauro vLex 
650 0 7 |a Derecho urbans̕tico  |2 Tesauro vLex 
740 0 |a vLex Libros (Servicios en ln̕ea) 
856 4 0 |z Acceso restringido  |u http://vlex.com/source/derecho-urbanistico-estatal-584 
942 |c BOOK